| 000 | 00629nam a22001937a 4500 | ||
|---|---|---|---|
| 999 |
_c13003 _d13003 |
||
| 003 | AR-CdUCM | ||
| 008 | 190410b ||||| |||| 00| 0 spa d | ||
| 040 |
_aMUNICIPALIDAD PROVINCIAL DEL CUSCO _cBIBLIOTECA MUNICIPAL DEL CUSCO |
||
| 082 |
_a915.694 / _bB23 |
||
| 100 |
_aBarrenechea, Julio _913898 |
||
| 245 |
_aIsrael : _bUn árbol por cada muerto / |
||
| 260 |
_aBuenos Aires : _bLosada, S. A., _c1962. |
||
| 300 |
_a126 páginas ; _c20 cm. |
||
| 505 | _aContenido :Un chileno con los judíos -- Un poeta en Israel ... | ||
| 650 |
_aIsrael _9360 |
||
| 650 |
_aJudíos _9358 |
||
| 942 |
_2ddc _cLIBROS |
||
| 945 |
_arum _d2019-04-10 |
||